[Event "Ruhrgebiet Verbandsklasse Gruppe 3 1415"]
[Site "Germany"]
[Date "2015.02.08"]
[Round "6.8"]
[White "Khess, Igor"]
[Black "Niebaum, Karl"]
[Result "1/2-1/2"]
[WhiteElo "1924"]
[BlackElo "1668"]
[PlyCount "50"]
[EventDate "2014.09.21"]
[EventType "team-tourn"]
[EventRounds "9"]
[EventCountry "GER"]
[SourceTitle "EXT 2022"]
[Source "ChessBase"]
[SourceDate "2021.10.06"]
[SourceVersion "1"]
[SourceVersionDate "2021.10.06"]
[SourceQuality "1"]
[WhiteTeam "Dortmund FS"]
[BlackTeam "Welper SV II"]
[WhiteTeamCountry "GER"]
[BlackTeamCountry "GER"]

1. e4 c5 2. d3 g6 3. Nc3 Bg7 4. g3 Nc6 5. Bg2 d6 6. Nge2 Bg4 7. h3 Bd7 8. 0-0 Qc8 9. Kh2 Nf6 10. Be3 Rb8 11. Qd2 h5 12. Nd5 b5 13. Nxf6+ Bxf6 14. c3 b4 15. d4 0-0 16. Bg5 bxc3 17. bxc3 Bxg5 18. Qxg5 Kg7 19. d5 f6 20. Qc1 Ne5 21. Nf4 Qa6 22. Rd1 Rb6 23. Bf1 Qb7 24. Nd3 Nxd3 25. Bxd3 Rb8 1/2-1/2

[Event "Hessen-ch Seniors op 10th"]
[Site "Bad Sooden-Allendorf"]
[Date "2014.05.04"]
[Round "9"]
[White "Niebaum, Karl"]
[Black "Jung, Michael"]
[Result "1/2-1/2"]
[WhiteElo "1920"]
[BlackElo "1838"]
[PlyCount "43"]
[EventDate "2014.04.26"]
[EventType "swiss"]
[EventRounds "9"]
[EventCountry "GER"]
[SourceTitle "EXT 2018"]
[Source "ChessBase"]
[SourceDate "2017.10.13"]
[SourceVersion "1"]
[SourceVersionDate "2017.10.13"]
[SourceQuality "1"]

1. d4 g6 2. c4 Bg7 3. Nc3 d6 4. Nf3 Nd7 5. e4 h6 6. Be2 e6 7. 0-0 Ne7 8. Be3 0-0 9. Qd2 Kh7 10. Rfd1 c6 11. c5 d5 12. e5 Nf5 13. Bd3 Nxe3 14. Qxe3 b6 15. cxb6 axb6 16. a4 Ba6 17. b4 Bxd3 18. Qxd3 c5 19. Nb5 c4 20. Qd2 f6 21. exf6 Bxf6 22. Ra3 1/2-1/2

[Event "Hessen-ch Seniors op 10th"]
[Site "Bad Sooden-Allendorf"]
[Date "2014.04.26"]
[Round "1"]
[White "Weidlich, Guenter"]
[Black "Niebaum, Karl"]
[Result "1-0"]
[WhiteElo "2246"]
[BlackElo "1920"]
[PlyCount "93"]
[EventDate "2014.04.26"]
[EventType "swiss"]
[EventRounds "9"]
[EventCountry "GER"]
[SourceTitle "EXT 2018"]
[Source "ChessBase"]
[SourceDate "2017.10.13"]
[SourceVersion "1"]
[SourceVersionDate "2017.10.13"]
[SourceQuality "1"]

1. d4 d5 2. Nf3 Nf6 3. c4 e6 4. g3 Nbd7 5. Bg2 c6 6. Nbd2 Be7 7. Qc2 0-0 8. 0-0 Re8 9. e4 dxe4 10. Nxe4 Nxe4 11. Qxe4 Nf6 12. Qe2 b6 13. Ne5 Bb7 14. Nxc6 Qc8 15. Nxe7+ Rxe7 16. Bxb7 Qxb7 17. Bg5 Rd7 18. Rfd1 Rad8 19. Be3 h5 20. f3 Qa6 21. Kf2 Qb7 22. a4 Rb8 23. Ra3 Qc6 24. b4 Rc8 25. Rc1 Qb7 26. b5 Rdd8 27. a5 Ra8 28. axb6 axb6 29. Rca1 Rxa3 30. Rxa3 Ra8 31. Qa2 Rxa3 32. Qxa3 Qc7 33. Qa4 Kh7 34. Kg2 Qc8 35. Bf2 g6 36. Qa7 Kg7 37. Qxb6 Qxc4 38. Qc5 Qd5 39. b6 Nd7 40. Qxd5 exd5 41. b7 Kf6 42. g4 hxg4 43. fxg4 Kg5 44. Kf3 f5 45. h4+ Kf6 46. g5+ Ke6 47. Bg3 1-0

[Event "NRW-ch Seniors 19th"]
[Site "Hattingen"]
[Date "2009.05.20"]
[Round "2"]
[White "Stolte, Dieter"]
[Black "Niebaum, Karl"]
[Result "0-1"]
[WhiteElo "1605"]
[BlackElo "1717"]
[PlyCount "106"]
[EventDate "2008.05.19"]
[EventType "swiss"]
[EventRounds "9"]
[EventCountry "GER"]
[SourceTitle "EXT 2010"]
[Source "ChessBase"]
[SourceDate "2010.11.25"]
[SourceVersion "1"]
[SourceVersionDate "2010.11.25"]
[SourceQuality "1"]

1. d4 d5 2. c4 c6 3. Nc3 Nf6 4. Nf3 e6 5. Bg5 Nbd7 6. Rc1 Qa5 7. Bxf6 Nxf6 8. Nd2 Bb4 9. Qb3 Ne4 10. Ndxe4 dxe4 11. e3 0-0 12. Be2 Bxc3+ 13. Rxc3 Qg5 14. 0-0 e5 15. f4 exf3 16. Bxf3 Re8 17. c5 Re7 18. d5 e4 19. Be2 cxd5 20. Qd1 Be6 21. b4 Rc8 22. Qd4 a6 23. a4 f5 24. Rcc1 Rf7 25. Rf4 Qf6 26. Rcf1 Rcf8 27. Qxf6 Rxf6 28. g3 g6 29. b5 axb5 30. Bxb5 Rc8 31. Rc1 Rf7 32. Rf2 Rfc7 33. Rfc2 Kf7 34. c6 bxc6 35. Rxc6 Rxc6 36. Rxc6 Ke7 37. a5 Rxc6 38. Bxc6 Kd6 39. Bb7 Kc7 40. a6 Kb8 41. Kf2 Bc8 42. Bxd5 Bxa6 43. Bg8 h6 44. Bh7 g5 45. Bxf5 Bd3 46. h4 Kc7 47. Kg2 Kd6 48. Kh3 Ke5 49. Kg4 Be2+ 50. Kh3 Kxf5 51. hxg5 Kxg5 52. Kh2 Kg4 53. Kg2 h5 0-1

[Event "NRW-ch Seniors 19th"]
[Site "Hattingen"]
[Date "2008.05.27"]
[Round "7"]
[White "Bachmann, Karlheinz"]
[Black "Niebaum, Karl"]
[Result "1-0"]
[WhiteElo "2155"]
[BlackElo "1717"]
[PlyCount "39"]
[EventDate "2008.05.19"]
[EventType "swiss"]
[EventRounds "9"]
[EventCountry "GER"]
[SourceTitle "EXT 2010"]
[Source "ChessBase"]
[SourceDate "2010.11.25"]
[SourceVersion "1"]
[SourceVersionDate "2010.11.25"]
[SourceQuality "1"]

1. c4 Nf6 2. d4 c5 3. d5 g6 4. Nc3 d6 5. e4 Bg7 6. Be2 Bd7 7. Nf3 Na6 8. 0-0 Nc7 9. a4 0-0 10. h3 a6 11. a5 Rb8 12. e5 dxe5 13. Nxe5 b5 14. axb6 Rxb6 15. Nxd7 Nxd7 16. Na4 Rd6 17. Bf4 e5 18. Be3 Qb8 19. Nxc5 Qxb2 20. Ne4 1-0

[Event "NRW-ch Seniors 19th"]
[Site "Hattingen"]
[Date "2008.05.23"]
[Round "5"]
[White "Niebaum, Karl"]
[Black "Angermann, Immo Frank"]
[Result "1-0"]
[WhiteElo "1717"]
[BlackElo "1610"]
[PlyCount "62"]
[EventDate "2008.05.19"]
[EventType "swiss"]
[EventRounds "9"]
[EventCountry "GER"]
[SourceTitle "EXT 2010"]
[Source "ChessBase"]
[SourceDate "2010.11.25"]
[SourceVersion "1"]
[SourceVersionDate "2010.11.25"]
[SourceQuality "1"]

1. d4 Nf6 2. Bg5 Ne4 3. h4 Nxg5 4. hxg5 h5 5. gxh6 Rxh6 6. Rxh6 gxh6 7. e4 d5 8. e5 Bf5 9. Bd3 Bxd3 10. Qxd3 e6 11. Nf3 c6 12. Nbd2 Qa5 13. c3 Nd7 14. Qh7 c5 15. g4 cxd4 16. cxd4 Qb4 17. g5 hxg5 18. Nxg5 Qe7 19. f4 Rc8 20. Ke2 Rc7 21. Qg8 Nb8 22. Rc1 Nc6 23. Nb3 Qb4 24. Nh7 Qc4+ 25. Kf2 Qb4 26. a3 Qe7 27. Nf6+ Kd8 28. Rf1 Nxe5 29. fxe5 Rc2+ 30. Ke3 Rxb2 31. Nc5 b6 1-0

[Event "GER-ch Seniors 18th"]
[Site "Dresden"]
[Date "2006.07.27"]
[Round "6"]
[White "Lauterbach, Eberhard"]
[Black "Niebaum, Karl"]
[Result "0-1"]
[WhiteElo "1470"]
[BlackElo "1687"]
[PlyCount "54"]
[EventDate "2006.07.22"]
[EventType "swiss"]
[EventRounds "9"]
[EventCountry "GER"]
[SourceTitle "EXT 2022"]
[Source "ChessBase"]
[SourceDate "2021.10.06"]
[SourceVersion "1"]
[SourceVersionDate "2021.10.06"]
[SourceQuality "1"]

1. d4 d5 2. Nf3 Nf6 3. c4 e6 4. Bg5 Nbd7 5. e3 c6 6. cxd5 exd5 7. Bd3 Bd6 8. 0-0 0-0 9. Nbd2 Qc7 10. Re1 Re8 11. Nf1 Ne4 12. Bxe4 dxe4 13. N3d2 Nb6 14. Bh4 f5 15. f3 exf3 16. Qxf3 Be6 17. Bg3 Rf8 18. Bxd6 Qxd6 19. b3 Bd5 20. Qe2 Nd7 21. Nc4 Qg6 22. Nfd2 b5 23. Nb2 Rae8 24. Nd3 Rxe3 25. Nf4 Rxe2 26. Nxg6 Rxg2+ 27. Kf1 Rxg6 0-1

[Event "GER-ch Seniors 18th"]
[Site "Dresden"]
[Date "2006.07.26"]
[Round "5"]
[White "Kutyma, Adalbert"]
[Black "Niebaum, Karl"]
[Result "1/2-1/2"]
[WhiteElo "1624"]
[BlackElo "1687"]
[PlyCount "57"]
[EventDate "2006.07.22"]
[EventType "swiss"]
[EventRounds "9"]
[EventCountry "GER"]
[SourceTitle "EXT 2022"]
[Source "ChessBase"]
[SourceDate "2021.10.06"]
[SourceVersion "1"]
[SourceVersionDate "2021.10.06"]
[SourceQuality "1"]

1. d4 d5 2. Nf3 Nf6 3. c4 e6 4. Bg5 Nbd7 5. Nc3 c6 6. e3 Qa5 7. Qa4 Bb4 8. Qxa5 Bxa5 9. Nd2 0-0 10. Bd3 Re8 11. Rc1 e5 12. Nb3 dxc4 13. Bxc4 Bb6 14. 0-0 h6 15. Bh4 exd4 16. exd4 Bc7 17. Rce1 Rxe1 18. Rxe1 Kf8 19. Ne4 Nxe4 20. Rxe4 g5 21. Bg3 Bxg3 22. hxg3 Nb6 23. Bd3 Bf5 24. Re3 Bxd3 25. Rxd3 Nc4 26. Nc5 b6 27. Na4 b5 28. b3 Na5 29. Nc5 1/2-1/2

[Event "GER-ch Seniors 18th"]
[Site "Dresden"]
[Date "2006.07.22"]
[Round "1"]
[White "Jentsch, Dieter"]
[Black "Niebaum, Karl"]
[Result "1-0"]
[WhiteElo "2200"]
[BlackElo "2013"]
[PlyCount "53"]
[EventDate "2006.07.22"]
[EventType "swiss"]
[EventRounds "9"]
[EventCountry "GER"]
[SourceTitle "CBM 113 Extra"]
[Source "ChessBase"]
[SourceDate "2006.09.14"]
[SourceVersion "1"]
[SourceVersionDate "2006.09.14"]
[SourceQuality "1"]

1. e4 d5 2. exd5 Nf6 3. d4 Nxd5 4. c4 Nf6 5. Nf3 Bg4 6. Be2 e6 7. Qb3 Qc8 8. h3 Bxf3 9. Bxf3 c6 10. 0-0 Nbd7 11. Bf4 Nb6 12. Nc3 Qd7 13. d5 exd5 14. cxd5 Nbxd5 15. Nxd5 Nxd5 16. Rad1 Rd8 17. Bg5 f6 18. Bh5+ g6 19. Bxf6 gxh5 20. Bxh8 Bd6 21. Rfe1+ Kf8 22. Be5 Bc5 23. Qg3 Re8 24. Rd3 Re7 25. Rf3+ Rf7 26. Bg7+ Kg8 27. Bd4+ 1-0

[Event "Ruhrgebiet Seniors op 13th"]
[Site "Essen"]
[Date "2006.03.28"]
[Round "1"]
[White "Niebaum, Karl"]
[Black "Krueger, Erich"]
[Result "0-1"]
[WhiteElo "1708"]
[BlackElo "2098"]
[PlyCount "84"]
[EventDate "2006.03.28"]
[EventType "swiss"]
[EventRounds "9"]
[EventCountry "GER"]
[SourceTitle "EXT 2007"]
[Source "ChessBase"]
[SourceDate "2006.11.23"]
[SourceVersion "1"]
[SourceVersionDate "2006.11.23"]
[SourceQuality "1"]

1. Nf3 Nf6 2. d4 g6 3. c4 Bg7 4. g3 0-0 5. Bg2 d5 6. Nc3 dxc4 7. Qa4 Nfd7 8. Qxc4 Nb6 9. Qb3 Nc6 10. d5 Bxc3+ 11. bxc3 Qxd5 12. 0-0 Be6 13. Nd4 Nxd4 14. cxd4 Qxd4 15. Bb2 Bxb3 16. Bxd4 Bd5 17. e4 Bc6 18. Bc5 Rfe8 19. Rfd1 e5 20. Rd2 Na4 21. Be3 Nc3 22. f3 a6 23. Rc1 Nb5 24. Bf1 Rad8 25. Rcd1 Rxd2 26. Rxd2 Nd6 27. Rc2 Ra8 28. Bg5 Kg7 29. h4 f5 30. exf5 Nxf5 31. Kf2 Nd4 32. Rc3 Rf8 33. Be2 Nxf3 34. Bxf3 e4 35. Bf4 exf3 36. Bxc7 Re8 37. Rc2 h5 38. Bb6 Re4 39. a3 Kf6 40. Rd2 Rc4 41. Rb2 Kf5 42. Rd2 Rc3 0-1

[Event "NRW-ch Seniors 16th"]
[Site "Hattingen"]
[Date "2005.05.27"]
[Round "7"]
[White "Weritz, Juergen"]
[Black "Niebaum, Karl"]
[Result "1-0"]
[WhiteElo "1731"]
[BlackElo "1730"]
[PlyCount "75"]
[EventDate "2005.05.21"]
[EventType "swiss"]
[EventRounds "9"]
[EventCountry "GER"]
[SourceTitle "EXT 2007"]
[Source "ChessBase"]
[SourceDate "2006.11.23"]
[SourceVersion "1"]
[SourceVersionDate "2006.11.23"]
[SourceQuality "1"]

1. Nf3 d5 2. b3 Nc6 3. Bb2 d4 4. Na3 e5 5. e3 e4 6. Nxd4 Nxd4 7. Bxd4 Nf6 8. Nb5 a6 9. Bxf6 gxf6 10. Nc3 f5 11. g3 Bg7 12. Bc4 c6 13. Qh5 Qe7 14. Rd1 b5 15. Be2 Be6 16. 0-0 Rd8 17. Nb1 Rd6 18. f4 Bc8 19. Qh3 h5 20. Rf2 Rdh6 21. Kh1 Qf6 22. d4 Qe6 23. Rg1 Qd6 24. Qf1 h4 25. g4 fxg4 26. Bxg4 Bxg4 27. Rxg4 Bf8 28. f5 h3 29. c4 Rh4 30. Qg1 Qh6 31. Rff4 Rxg4 32. Qxg4 Kd8 33. Rxe4 Be7 34. c5 Bg5 35. Qg3 Kd7 36. Nd2 Bd8 37. Nf3 Bc7 38. Qg5 1-0

[Event "GER North-ch Seniors 6th"]
[Site "Bad Bevensen"]
[Date "2003.06.29"]
[Round "9"]
[White "Niebaum, Karl"]
[Black "Semmler, Guenter"]
[Result "1/2-1/2"]
[WhiteElo "1693"]
[BlackElo "2086"]
[PlyCount "22"]
[EventDate "2003.06.??"]
[EventType "swiss"]
[EventRounds "9"]
[EventCountry "GER"]
[SourceTitle "EXT 2006"]
[Source "ChessBase"]
[SourceDate "2005.11.24"]
[SourceVersion "1"]
[SourceVersionDate "2005.11.24"]
[SourceQuality "1"]

1. e4 d6 2. d4 Nf6 3. Nc3 Nbd7 4. f4 e5 5. fxe5 dxe5 6. dxe5 Nxe5 7. Qxd8+ Kxd8 8. Nf3 Nxf3+ 9. gxf3 Bb4 10. Bd2 Be6 11. 0-0-0 Ke8 1/2-1/2

[Event "Bad Woerishofen Seniors op 19th"]
[Site "Bad Woerishofen"]
[Date "2003.03.21"]
[Round "9"]
[White "Niebaum, Karl"]
[Black "Vogel, Gerhard1111"]
[Result "1-0"]
[WhiteElo "1716"]
[BlackElo "1410"]
[PlyCount "103"]
[EventDate "2003.03.13"]
[EventType "swiss"]
[EventRounds "9"]
[EventCountry "GER"]
[SourceTitle "EXT 2004"]
[Source "ChessBase"]
[SourceDate "2003.11.25"]
[SourceVersion "1"]
[SourceVersionDate "2003.11.25"]
[SourceQuality "1"]

1. d4 Nf6 2. Bg5 g6 3. Bxf6 exf6 4. e4 Bg7 5. Nf3 d6 6. Be2 0-0 7. 0-0 Re8 8. Nbd2 b6 9. c3 Bb7 10. Bd3 Nd7 11. Qc2 Nf8 12. Rfe1 Ne6 13. d5 Nc5 14. Bb5 Re7 15. Nd4 a6 16. Bc6 Qc8 17. b4 Nd7 18. f4 f5 19. N2f3 fxe4 20. Rxe4 Rxe4 21. Qxe4 Nf6 22. Qc2 Nh5 23. Re1 Bxd4+ 24. Nxd4 Bxc6 25. Nxc6 Qg4 26. c4 Qxf4 27. Re7 Rc8 28. Re4 Qf6 29. Ne7+ Kg7 30. Nxc8 Qa1+ 31. Kf2 Nf6 32. Re1 Qd4+ 33. Kf1 Ng4 34. h3 Qf4+ 35. Kg1 Qh2+ 36. Kf1 Qh1+ 37. Ke2 Qxg2+ 38. Kd1 Qxh3 39. Qb2+ Ne5 40. Rxe5 Qxc8 41. Re8+ Kh6 42. Rxc8 f5 43. Qh2+ Kg5 44. Rxc7 h5 45. Rc6 f4 46. Rxd6 Kf5 47. Qg2 g5 48. Qh3+ Ke5 49. Re6+ Kd4 50. Ke2 Kxc4 51. Qb3+ Kd4 52. Qd3# 1-0

[Event "Bad Woerishofen Seniors op 19th"]
[Site "Bad Woerishofen"]
[Date "2003.03.15"]
[Round "3"]
[White "Girod, Gudrun"]
[Black "Niebaum, Karl"]
[Result "0-1"]
[WhiteElo "1399"]
[BlackElo "1716"]
[PlyCount "57"]
[EventDate "2003.03.13"]
[EventType "swiss"]
[EventRounds "9"]
[EventCountry "GER"]
[SourceTitle "EXT 2004"]
[Source "ChessBase"]
[SourceDate "2003.11.25"]
[SourceVersion "1"]
[SourceVersionDate "2003.11.25"]
[SourceQuality "1"]

1. d4 d5 2. Nf3 Bg4 3. e3 Nf6 4. Be2 e6 5. 0-0 c5 6. c3 Nc6 7. Nbd2 Be7 8. h3 Bh5 9. Qc2 0-0 10. Qd1 Rc8 11. Nh2 Bg6 12. Ng4 Bd6 13. f4 cxd4 14. exd4 Nxg4 15. Bxg4 Ne7 16. Nb3 b5 17. a3 a5 18. Be3 b4 19. Nc5 bxc3 20. bxc3 Rb8 21. Qa4 Re8 22. Nd7 Rb2 23. Ne5 Bxe5 24. fxe5 Bc2 25. Qxe8+ Qxe8 26. Bh5 g6 27. Bg4 Be4 28. Bf3 Bxf3 29. Rxf3 0-1

[Event "Wch Seniors 13th"]
[Site "Bad Zwischenahn"]
[Date "2003.??.??"]
[Round "?"]
[White "Niebaum, Karl"]
[Black "Burreh, Heinz"]
[Result "1/2-1/2"]
[WhiteElo "1795"]
[BlackElo "1775"]
[PlyCount "54"]
[EventDate "2003.11.16"]
[EventType "swiss"]
[EventRounds "11"]
[EventCountry "GER"]
[SourceTitle "CBM 097 Extra"]
[Source "ChessBase"]
[SourceDate "2004.01.13"]
[SourceVersion "1"]
[SourceVersionDate "2004.01.13"]
[SourceQuality "1"]

1. d4 d5 2. Nf3 Nf6 3. Bg5 Nbd7 4. e3 e6 5. Bd3 c5 6. c3 c4 7. Bc2 Be7 8. Nbd2 0-0 9. 0-0 h6 10. Bh4 Nh7 11. Bxe7 Qxe7 12. e4 b5 13. Re1 Bb7 14. e5 a5 15. Re3 Rfb8 16. Ne1 f5 17. f4 Bc6 18. g4 fxg4 19. Qxg4 Ndf8 20. Rg3 Be8 21. f5 exf5 22. Bxf5 Ra6 23. Ng2 Bg6 24. Nf4 Bxf5 25. Qxf5 Rd8 26. Rf1 b4 27. Nh5 Qd7 1/2-1/2

[Event "Pyramiden Franken Cup 5th"]
[Site "Fuerth"]
[Date "2002.09.05"]
[Round "6"]
[White "Sattler, Stefan"]
[Black "Niebaum, Karl"]
[Result "1-0"]
[WhiteElo "2045"]
[BlackElo "1799"]
[PlyCount "89"]
[EventDate "2002.08.31"]
[EventType "swiss"]
[EventRounds "9"]
[EventCountry "GER"]
[SourceTitle "CBM 090 Extra"]
[Source "ChessBase"]
[SourceDate "2002.11.07"]
[SourceVersion "1"]
[SourceVersionDate "2002.11.07"]
[SourceQuality "1"]

1. e4 d5 2. exd5 Qxd5 3. Nc3 Qa5 4. d4 Nf6 5. Bc4 c6 6. h3 e6 7. Nf3 Bb4 8. Bd2 Qc7 9. 0-0 0-0 10. Ne4 Nxe4 11. Bxb4 Nd6 12. Bd3 g6 13. Qd2 Rd8 14. b3 b6 15. Qg5 Ne8 16. Qh6 Nd6 17. Rae1 f6 18. Re2 Qg7 19. Qf4 Ne8 20. Rfe1 a5 21. Ba3 Na6 22. c4 Nac7 23. Bb2 Qf8 24. Nh2 e5 25. Qf3 Qd6 26. Be4 f5 27. dxe5 fxe4 28. exd6 exf3 29. dxc7 Nxc7 30. Nxf3 Bf5 31. g4 Bc8 32. Kg2 Ne6 33. Rxe6 Bxe6 34. Rxe6 Rac8 35. Re7 Rd1 36. Rg7+ Kf8 37. Rxh7 Rcd8 38. Ne5 R8d2 39. Nxg6+ Ke8 40. Re7+ Kd8 41. Bf6 Kc8 42. a4 Rd3 43. h4 Rxb3 44. h5 Rbb1 45. h6 1-0